Faculty of Law Library — Cairo University

Official Online Catalog

الموسوعة الجنائية الشاملة : (Record no. 45398)

MARC details
000 -LEADER
fixed length control field 01377nam a2200313 i 4500
003 - CONTROL NUMBER IDENTIFIER
control field EG-GICUC
005 - DATE AND TIME OF LATEST TRANSACTION
control field 20260121101333.0
008 - FIXED-LENGTH DATA ELEMENTS--GENERAL INFORMATION
fixed length control field 251123s1987 ua ||||fr|||| 001 0 ara d
017 ## - COPYRIGHT OR LEGAL DEPOSIT NUMBER
Copyright or legal deposit number 1985/7208
040 ## - CATALOGING SOURCE
Original cataloging agency EG-GICUC
Language of cataloging ara
Transcribing agency EG-GICUC
Modifying agency EG-GICUC
Description conventions rda
041 ## - LANGUAGE CODE
Language code of text/sound track or separate title ara
082 04 - DEWEY DECIMAL CLASSIFICATION NUMBER
Classification number 343.4
Item number م ع . م
Edition number 21
092 04 - LOCALLY ASSIGNED DEWEY CALL NUMBER (OCLC)
Edition number 21
099 ## - LOCAL FREE-TEXT CALL NUMBER (OCLC)
Classification number Law1 10 343.4 م ع . م 1987 1006137
100 0# - MAIN ENTRY--PERSONAL NAME
Personal name معوض عبد التواب.
Relator term مؤلف.
245 12 - TITLE STATEMENT
Title الموسوعة الجنائية الشاملة :
Remainder of title يشمل الشرح والتعليق بأحكام القضاء في خمسين عاما وحتى ديسمبر 1985 والقيود والأوصاف للتشريعات الجنائية الخاصة /
Statement of responsibility, etc. معوض عبد التواب.
264 #1 - PRODUCTION, PUBLICATION, DISTRIBUTION, MANUFACTURE, AND COPYRIGHT NOTICE
Place of production, publication, distribution, manufacture الإسكندرية، مصر :
Name of producer, publisher, distributor, manufacturer دار المطبوعات الجامعية،
Date of production, publication, distribution, manufacture, or copyright notice 1986.
300 ## - PHYSICAL DESCRIPTION
Extent 582 صفحة ؛
Dimensions 24 سم.
Other physical details إيضاحيات، صور، مثيليات ؛
336 ## - CONTENT TYPE
Source rda content
Content type term text
337 ## - MEDIA TYPE
Source rda media
Media type term Computer
338 ## - CARRIER TYPE
Source rda carrier
Carrier type term Online Resource
504 ## - BIBLIOGRAPHY, ETC. NOTE
Bibliography, etc. note يشتمل على ارجاعات ببليوجرافية.
546 ## - LANGUAGE NOTE
Language note النص باللغة العربية
650 1# - SUBJECT ADDED ENTRY--TOPICAL TERM
Topical term or geographic name entry element التشريعات الجنائية الخاصة.
Source of heading or term qrmak
651 1# - SUBJECT ADDED ENTRY--GEOGRAPHIC NAME
Source of heading or term qrmak
856 40 - ELECTRONIC LOCATION AND ACCESS
Uniform Resource Identifier <a href="https://fll.law.cu.edu.eg/fulltext/bks/B10-06137.pdf">https://fll.law.cu.edu.eg/fulltext/bks/B10-06137.pdf</a>
905 ## - Cataloger and Reviser Names
Cataloger Name: Ramy
942 ## - ADDED ENTRY ELEMENTS (KOHA)
Source of classification or shelving scheme Dewey Decimal Classification
Suppress in OPAC No
Koha item type Books
Edition 21
Holdings
Withdrawn status Lost status Source of classification or shelving scheme Damaged status Not for loan Collection Home library Current library Date acquired Total checkouts Full call number Barcode Date last seen Copy number Price effective from Koha item type
    Dewey Decimal Classification Damaged Not for loan القانون الجنائي جــــامعة القــاهرة مكتبة كلية الحقوق - المبنى الرئيسي 23.11.2025   Law1 10 343.4 م ع . م 1987 1006137 C1 B10-06137 23.11.2025 1 23.11.2025 Books
    Dewey Decimal Classification     القانون الجنائي جــــامعة القــاهرة مكتبة كلية الحقوق - المبنى الرئيسي 23.11.2025   Law1 10 343.4 م ع . م 1987 1006166 C2 B10-06166 23.11.2025 2 23.11.2025 Books

© All rights reserved — Faculty of Law, Cairo University